| 000 | 01305nam a2200397 c 4500 | ||
|---|---|---|---|
| 001 | 12177 | ||
| 003 | ES-MaCES | ||
| 005 | 20141221122156.0 | ||
| 008 | 010606s2001 xxu t 000 | eng d | ||
| 020 | _a0813366151 | ||
| 035 | _aCES20010007388m | ||
| 040 |
_aES-MaCES _bspa _cES-MaCES |
||
| 245 | 0 | 0 |
_aGlobalizing feminist bioethics _b: crosscultural perspectives _c[edited by] Rosemarie Tong ; with Gwen Anderson, Aida Santos |
| 260 |
_aColorado (USA) _aOxford (UK) _bWestview Press _c[2001] |
||
| 300 |
_aVII, [5], 368 p. _c23 cm |
||
| 500 | _aÍndices | ||
| 541 | _cCompra | ||
| 650 | 4 |
_amujeres _928657 |
|
| 650 | 4 |
_afeminismo _931029 |
|
| 650 | 4 |
_areproducción _928650 |
|
| 650 | 4 |
_afecundidad _928504 |
|
| 650 | 4 |
_agenética _928646 |
|
| 650 | 4 |
_aestado de salud _930671 |
|
| 650 | 4 |
_aasistencia médica _930272 |
|
| 650 | 4 |
_aidentidad cultural _929870 |
|
| 650 | 4 |
_aética _927324 |
|
| 650 | 4 |
_aantropología social y cultural _927254 |
|
| 650 | 4 |
_ainvestigación interdisciplinaria _928841 |
|
| 653 | 1 | 0 | _aCiencias Sociales-Políticas |
| 700 | 1 |
_aTong, Rosemarie _eed. lit. _924996 |
|
| 700 | 1 |
_aAnderson, Gwen _eed. lit. _96265 |
|
| 700 | 1 |
_aSantos, Aida _eed. lit. _923472 |
|
| 902 | _aLIB Libro | ||
| 942 |
_2CES _cBK _h7.0. |
||
| 999 |
_c12177 _d12177 |
||